[Event "FRA-ch op-D"]
[Site "Albi"]
[Date "2022.08.21"]
[Round "9"]
[White "Bendahan, Isaac"]
[Black "Leprince, Solal"]
[Result "1-0"]
[WhiteElo "1438"]
[BlackElo "1474"]
[PlyCount "67"]
[EventDate "2022.08.13"]
[EventType "swiss"]
[EventRounds "9"]
[EventCountry "FRA"]
[SourceTitle "CBM 210 Extra"]
[Source "ChessBase"]
[SourceDate "2022.11.30"]
[SourceVersion "1"]
[SourceVersionDate "2022.11.30"]
[SourceQuality "1"]

1. e4 e5 2. Nf3 Nc6 3. Bc4 Bc5 4. c3 Nf6 5. d4 exd4 6. e5 d5 7. Bb5 Ne4 8. cxd4 Bb6 9. 0-0 Bg4 10. Bxc6+ bxc6 11. Be3 0-0 12. Nc3 f6 13. Nxe4 dxe4 14. Qb3+ Kh8 15. Nd2 Rb8 16. Qc3 f5 17. f3 exf3 18. Nxf3 f4 19. Bf2 Qd5 20. Rfd1 Ba5 21. Qa3 Rfd8 22. Rab1 Bf5 23. Rbc1 Rb5 24. Qe7 h6 25. Rxc6 Bb4 26. Qh4 Qd7 27. e6 Qe8 28. Rxc7 Bxe6 29. Rxa7 Bd6 30. d5 Bxd5 31. Bd4 Rd7 32. Bxg7+ Kxg7 33. Qg4+ Kf8 34. Rxd7 1-0

[Event "FRA-ch op-D"]
[Site "Albi"]
[Date "2022.08.16"]
[Round "4"]
[White "Loquet, Adam"]
[Black "Leprince, Solal"]
[Result "1-0"]
[WhiteElo "1544"]
[BlackElo "1474"]
[PlyCount "51"]
[EventDate "2022.08.13"]
[EventType "swiss"]
[EventRounds "9"]
[EventCountry "FRA"]
[SourceTitle "CBM 210 Extra"]
[Source "ChessBase"]
[SourceDate "2022.11.30"]
[SourceVersion "1"]
[SourceVersionDate "2022.11.30"]
[SourceQuality "1"]

1. d4 Nf6 2. c4 e6 3. Nc3 Bb4 4. f3 d5 5. a3 Bxc3+ 6. bxc3 0-0 7. cxd5 exd5 8. e3 b6 9. Bd3 Bb7 10. Ne2 Nbd7 11. 0-0 Re8 12. Ng3 c5 13. Ra2 Qc7 14. Re2 h6 15. e4 c4 16. Bb1 b5 17. e5 Nh7 18. Qc2 Nhf8 19. f4 a5 20. f5 Qb6 21. Kh1 b4 22. f6 b3 23. Qf5 g5 24. Bxg5 Qe6 25. Qf4 Kh8 26. Bh4 1-0